Join in : (Record no. 18342)
[ view plain ]
| 000 -LEADER | |
|---|---|
| fixed length control field | 01344nam a22003735a 4500 |
| 003 - CONTROL NUMBER IDENTIFIER | |
| control field | EG-ScBUE |
| 005 - DATE AND TIME OF LATEST TRANSACTION | |
| control field | 20220626125554.0 |
| 006 - FIXED-LENGTH DATA ELEMENTS--ADDITIONAL MATERIAL CHARACTERISTICS--GENERAL INFORMATION | |
| fixed length control field | m||||g ||z f00| 0 |
| 008 - FIXED-LENGTH DATA ELEMENTS--GENERAL INFORMATION | |
| fixed length control field | 140706t2009 nyu f 000 0 eng d |
| 020 ## - INTERNATIONAL STANDARD BOOK NUMBER | |
| International Standard Book Number | 9780194460644 |
| 040 ## - CATALOGING SOURCE | |
| Original cataloging agency | EG-ScBUE |
| Language of cataloging | eng |
| Description conventions | rda |
| Transcribing agency | EG-ScBUE |
| Modifying agency | EG-ScBUE |
| 082 04 - DEWEY DECIMAL CLASSIFICATION NUMBER | |
| Edition number | 22 |
| Classification number | 428.34 |
| Item number | RIC |
| 100 1# - MAIN ENTRY--PERSONAL NAME | |
| Personal name | Richards, Jack C., |
| Dates associated with a name | 1943- |
| Relator term | author. |
| 9 (RLIN) | 7619 |
| 245 10 - TITLE STATEMENT | |
| Title | Join in : |
| Remainder of title | developing conversation strategies. |
| Number of part/section of a work | 3, |
| Name of part/section of a work | Test pack / |
| Statement of responsibility, etc | Jack C Richards, Kerry O'sullivan & Genevieve Kocienda. |
| 246 30 - VARYING FORM OF TITLE | |
| Title proper/short title | Test pack |
| 264 #1 - PUBLICATION, DISTRIBUTION, ETC. (IMPRINT) | |
| Place of publication, distribution, etc | New York, NY ; |
| -- | Oxford, UK : |
| Name of publisher, distributor, etc | Oxford University Press, |
| Date of publication, distribution, etc | [2009] |
| 264 #4 - PUBLICATION, DISTRIBUTION, ETC. (IMPRINT) | |
| Date of publication, distribution, etc | c2009 |
| 300 ## - PHYSICAL DESCRIPTION | |
| Extent | v, 36 pages ; |
| Dimensions | 28 cm + |
| Accompanying material | 1 CD |
| 336 ## - CONTENT TYPE | |
| Source | rdacontent |
| Content type term | text |
| Content type code | txt |
| 336 ## - CONTENT TYPE | |
| Source | rdacontent |
| Content type term | sounds |
| Content type code | snd |
| 337 ## - MEDIA TYPE | |
| Source | rdamedia |
| Media type term | unmediated |
| Media type code | n |
| 337 ## - MEDIA TYPE | |
| Source | rdamedia |
| Media type term | audio |
| Media type code | s |
| 338 ## - CARRIER TYPE | |
| Source | rdacarrier |
| Carrier type term | volume |
| Carrier type code | nc |
| 338 ## - CARRIER TYPE | |
| Source | rdacarrier |
| Carrier type term | computer disc |
| Carrier type code | cd |
| 590 ## - LOCAL NOTE (RLIN) | |
| Local note | mustafa galal. |
| 650 #7 - SUBJECT ADDED ENTRY--TOPICAL TERM | |
| 9 (RLIN) | 19571 |
| Topical term or geographic name as entry element | English language |
| General subdivision | Conversation and phrase books. |
| Source of heading or term | BUEsh |
| 650 #7 - SUBJECT ADDED ENTRY--TOPICAL TERM | |
| 9 (RLIN) | 36029 |
| Topical term or geographic name as entry element | English language |
| Form subdivision | Sound recordings for foreign speakers. |
| Source of heading or term | BUEsh |
| 651 ## - SUBJECT ADDED ENTRY--GEOGRAPHIC NAME | |
| Source of heading or term | BUEsh |
| 653 ## - INDEX TERM--UNCONTROLLED | |
| Arrived date list | August2015 |
| Resource For college | Humanities: English |
| 655 ## - INDEX TERM--GENRE/FORM | |
| Form subdivision | Reading book |
| 9 (RLIN) | 34232 |
| 700 1# - ADDED ENTRY--PERSONAL NAME | |
| Personal name | O’Sullivan, Kerry, |
| Dates associated with a name | 1952- |
| Relator term | author. |
| 9 (RLIN) | 36039 |
| 700 1# - ADDED ENTRY--PERSONAL NAME | |
| Personal name | Kocienda, G., |
| Relator term | author. |
| 9 (RLIN) | 36040 |
| 942 ## - ADDED ENTRY ELEMENTS (KOHA) | |
| Source of classification or shelving scheme | Dewey Decimal Classification |
| Call number prefix | 428.34 RIC |
| Koha item type | Book - Borrowing |
| Withdrawn status | Lost status | Source of classification or shelving scheme | Damaged status | Not for loan | Collection code | Home library | Current library | Shelving location | Date acquired | Source of acquisition | Cost, normal purchase price | Serial Enumeration / chronology | Total Checkouts | Full call number | Barcode | Date last seen | Cost, replacement price | Price effective from | Koha item type | Materials specified (bound volume or other part) |
|---|---|---|---|---|---|---|---|---|---|---|---|---|---|---|---|---|---|---|---|---|
| Dewey Decimal Classification | Baccah | Central Library | Central Library | Second Floor | 06/07/2014 | Purchase | 120.00 | 19900 | 428.34 RIC | 000036049 | 15/07/2025 | 150.00 | 06/07/2014 | Book - Borrowing | ||||||
| Dewey Decimal Classification | Baccah | Central Library | Central Library | Second Floor | 06/07/2014 | Purchase | 120.00 | 19900 | 428.34 RIC | 000036050 | 24/08/2022 | 150.00 | 06/07/2014 | CD | DVD - With book | Lost In Inventory_2016-8-23 |